000 00931cam a22002054a 4500
005 20250605163924.0
008 250528s ||||||||||||||||||||||||d
035 _a14499
020 _a412464403
040 _aGR-AtMCL
_bgre
_dGR-AtMCL
_eAACR2
245 1 _aPsychology / Theory and Application
260 _bChapman & Hall,
_c1994
300 _a566
520 _aThis book links psychology theory to everyday experience and practice, inviting the reader to discover the relevance of psychology to their own particular area of study. Preface, Acknowledgements, Methods of Investigation, Personality and Coping, Communication and Explanation, Thinking and Intelligence, Learning and Remembering, Perception and Motivation, Attitudes and Groups, Interacting with Others, Afterword, Glossary, References, Index.
700 1 _aBanyard Philip
_9195
700 1 _aHayes Nicky
_987
942 _cBK
999 _c128
_d128